000 00542nam a22001577a 4500
003 0
005 20231107095941.0
008 230929b xxu||||| |||| 00| 0 eng d
050 _aLB 3607
_b.R36 2022
100 _aRamas, Rovin Angela O.
245 _aAcademic procrastination and study habits or pre-med college studenta doing online class
_cRamas, Rovin Angela O.
260 _aLas Pinas City
_bSouthville International School and Colleges
_cC2022
300 _axi, 420pp.
_c28cm.
500 _aStudents-- time management.
942 _2lcc
_cTH
999 _c365437
_d365437